Nový zákon o whistleblowingu účinný od 1. marca 2019
Dňa 30. januára 2019 Národná rada SR prijala zákon č. 54/2019 Z. z. o ochrane oznamovateľov protispoločenskej činnosti a o zmene a doplnení niektorých zákonov, ktorý je účinný od 1. 3. 2019. Zákon o whistleblowingu nahradil v praxi zákon č. 307/2014 Z. z. o niektorých opatreniach súvisiacich s oznam...
Salvato in:
| Autore principale: | |
|---|---|
| Natura: | Capitolo di libro |
| Lingua: | slovacco |
| Soggetti: | |
| Tags: |
Nessun Tag, puoi essere il primo ad aggiungerne!!
|
MARC
| LEADER | 00000naa a2200000 4500 | ||
|---|---|---|---|
| 001 | 0254256 | ||
| 005 | 20190527070146.6 | ||
| 041 | 0 | |a slo | |
| 044 | |a SK | ||
| 245 | 1 | 0 | |a Nový zákon o whistleblowingu účinný od 1. marca 2019 |c Tatiana Mičudová |
| 520 | |a Dňa 30. januára 2019 Národná rada SR prijala zákon č. 54/2019 Z. z. o ochrane oznamovateľov protispoločenskej činnosti a o zmene a doplnení niektorých zákonov, ktorý je účinný od 1. 3. 2019. Zákon o whistleblowingu nahradil v praxi zákon č. 307/2014 Z. z. o niektorých opatreniach súvisiacich s oznamovaním protispoločenskej činnosti a o zmene a doplnení niektorých zákonov, ktorý bol účinný od 1. 7. 2014. Zákon o whistleblowingu vychádza vo svojich ustanoveniach zo zákona č. 307/2014 Z. z., ale zároveň reaguje aj na poznatky z aplikačnej praxe. Cieľom novej právnej úpravy je prehĺbiť a zefektívniť právnu ochranu poskytovanú oznamovateľom protispoločenskej činnosti, tzv. whistleblowerom. | ||
| 610 | 2 | 0 | |a Slovensko |
| 610 | 2 | 0 | |a zákony |
| 610 | 2 | 0 | |a moc verejná |
| 610 | 2 | 0 | |a činnosť trestná |
| 610 | 2 | 0 | |a ochrana právna |
| 610 | 2 | 0 | |a zamestnanci |
| 610 | 2 | 0 | |a zamestnávatelia |
| 100 | 1 | |a Mičudová, Tatiana | |